00629 2200277 4500001002100000008004100021035002000062245005000082100001600132250000600148260003000154300001200184084001400196082000800210650001300218990001200231990001200243990001200255990001200267990001200279990001200291990001200303990001200315990001200327990001200339INLIS000000000000685 ind  a0010-0424000661 aMengembangkan E Learning SekolahcSukari S.Pd aSukari S.Pd a1 aJakarta :bErlanggac2014 a196 hlm a607 SUK m a607 aNonfiksi a0721802 a0721803 a0721804 a0721805 a0721806 a0721807 a0721808 a0721809 a0721810 a0721811